Income Tax : (Record no. 221755)
[ view plain ]
| 000 -LEADER | |
|---|---|
| fixed length control field | 00755nam a22002417a 4500 |
| 005 - DATE AND TIME OF LATEST TRANSACTION | |
| control field | 20260303164459.0 |
| 008 - FIXED-LENGTH DATA ELEMENTS--GENERAL INFORMATION | |
| fixed length control field | 220308b ||||| |||| 00| 0 eng d |
| 020 ## - INTERNATIONAL STANDARD BOOK NUMBER | |
| International Standard Book Number | 978 9354952531 |
| 040 ## - CATALOGING SOURCE | |
| Transcribing agency | AIMIT LIBRARY |
| 082 ## - DEWEY DECIMAL CLASSIFICATION NUMBER | |
| Edition number | 9 |
| Classification number | 336.242 |
| Item number | SAHR |
| 100 ## - MAIN ENTRY--PERSONAL NAME | |
| Personal name | Saha, R G. |
| 9 (RLIN) | 23061 |
| 245 ## - TITLE STATEMENT | |
| Title | Income Tax : |
| Remainder of title | direct and indirect taxes / |
| Statement of responsibility, etc. | By R,G. Saha and Usha Devi N . |
| 250 ## - EDITION STATEMENT | |
| Edition statement | 9th ed. |
| 260 ## - PUBLICATION, DISTRIBUTION, ETC. | |
| Place of publication, distribution, etc. | New Delhi : |
| Name of publisher, distributor, etc. | Himalaya Publishing House, |
| Date of publication, distribution, etc. | 2021. |
| 300 ## - PHYSICAL DESCRIPTION | |
| Extent | Xviii, 714p. ; |
| Dimensions | 24 cm. |
| Other physical details | PB |
| 440 ## - SERIES STATEMENT/ADDED ENTRY--TITLE | |
| Title | Assessment year 2021-22 |
| 9 (RLIN) | 257581 |
| 650 ## - SUBJECT ADDED ENTRY--TOPICAL TERM | |
| Source of heading or term | Capital and revenue |
| 650 ## - SUBJECT ADDED ENTRY--TOPICAL TERM | |
| Source of heading or term | Income from salary |
| 650 ## - SUBJECT ADDED ENTRY--TOPICAL TERM | |
| Source of heading or term | Deductions |
| 650 ## - SUBJECT ADDED ENTRY--TOPICAL TERM | |
| Source of heading or term | Assessment of individual |
| 700 ## - ADDED ENTRY--PERSONAL NAME | |
| Personal name | N, Usha Devi. |
| 9 (RLIN) | 23062 |
| 942 ## - ADDED ENTRY ELEMENTS (KOHA) | |
| Source of classification or shelving scheme | Dewey Decimal Classification |
| Koha item type | Book |
| Edition | 9th |
| Call number prefix | 336.242 SAHR |
| Withdrawn status | Lost status | Source of classification or shelving scheme | Damaged status | Not for loan | Collection code | Home library | Current library | Shelving location | Date acquired | Cost, normal purchase price | Inventory number | Total Checkouts | Full call number | Barcode | Date last seen | Date last checked out | Cost, replacement price | Price effective from | Koha item type |
|---|---|---|---|---|---|---|---|---|---|---|---|---|---|---|---|---|---|---|---|
| Dewey Decimal Classification | MBA | St Aloysius Institute of Management & Information Technology | St Aloysius Institute of Management & Information Technology | Tax | 03/07/2022 | 598.00 | Bill no:6131; Bill dt:2022-02-28 | 2 | 336.242 SAHR | MBA14272 | 05/23/2026 | 08/14/2023 | 478.40 | 03/08/2022 | Book | ||||
| Dewey Decimal Classification | MBA | St Aloysius Institute of Management & Information Technology | St Aloysius Institute of Management & Information Technology | Tax | 03/07/2022 | 598.00 | Bill no:6131; Bill dt:2022-02-28 | 336.242 SAHR | MBA14273 | 05/23/2026 | 478.40 | 03/08/2022 | Book | ||||||
| Dewey Decimal Classification | MBA | St Aloysius Institute of Management & Information Technology | St Aloysius Institute of Management & Information Technology | Tax | 03/07/2022 | 598.00 | Bill no:6131; Bill dt:2022-02-28 | 1 | 336.242 SAHR | MBA14274 | 05/23/2026 | 04/08/2022 | 478.40 | 03/08/2022 | Book | ||||
| Dewey Decimal Classification | MBA | St Aloysius Institute of Management & Information Technology | St Aloysius Institute of Management & Information Technology | Tax | 03/07/2022 | 598.00 | Bill no:6131; Bill dt:2022-02-28 | 1 | 336.242 SAHR | MBA14275 | 05/23/2026 | 03/18/2022 | 478.40 | 03/08/2022 | Book | ||||
| Dewey Decimal Classification | MBA | St Aloysius Institute of Management & Information Technology | St Aloysius Institute of Management & Information Technology | Tax | 03/07/2022 | 598.00 | Bill no:6131; Bill dt:2022-02-28 | 1 | 336.242 SAHR | MBA14276 | 05/23/2026 | 03/08/2022 | 478.40 | 03/08/2022 | Book | ||||
| Dewey Decimal Classification | Reference Book | MBA | St Aloysius Institute of Management & Information Technology | St Aloysius Institute of Management & Information Technology | Tax | 03/07/2022 | 598.00 | Bill no:6131; Bill dt:2022-02-28 | 336.242 SAHR | MBA14277 | 07/21/2025 | 478.40 | 03/08/2022 | Book |